• 首页
  • 本馆介绍
  • 公告通知
  • 最新文献
  • 馆藏检索
  • 电子资源
  • 读者导购
  • 参考咨询
  • 我的图书馆
  • 登录
  • 详细信息显示
  • 放入我的书架
  • 预约/预借图书
  • 作者相关作品
  • 分类相关作品
  • 丛书相关作品
  • 出版社相关作品

书目信息

  • 表格格式
  • 工作单格式
  • 卡片格式
题名:
形式生命与精神视觉
    
 
作者: 张浩 著
分册:  
出版信息: 合肥   安徽美术出版社  2003
页数: 220页
开本: 20cm
丛书名:
单 册:
中图分类: J203
科图分类:
主题词: 水墨画--美术创作 , 绘画理论
电子资源:
ISBN: 7-5398-1149-8
000 00858nam0 2200241 45
001 002488703
005 20050104114107.5
010    @a7-5398-1149-8@dCNY28.00
100    @a20031029d2003 em y0chiy0110 ea
101 0  @achi
102    @aCN@b340000
105    @aa z 000yy
200 1  @a形式生命与精神视觉@Axing shi sheng ming yu jing shen shi jue@e现代水墨创作日记@EXian Dai Shui Mo Chuang Zuo Ri Ji@f张浩著@FZhang Hao Zhu
210    @a合肥@c安徽美术出版社@d2003
215    @a220页@c图@d20cm
330    @a本书对水墨画进行研究,运用日记的体例,阐述了在笔墨中接近真实,从直觉中寻找,重新认识笔墨,探求形式基础和精神基础等。
517    @a现代水墨创作日记@AXian Dai Shui Mo Chuang Zuo Ri Ji
606 0  @a水墨画@x美术创作
606 0  @a绘画理论
690    @aJ203@v4
701  0 @a张浩@4著
801  0 @aCN@bNLC@c20040216
905    @b340880-883@dJ203@e247@f4
    
    形式生命与精神视觉:现代水墨创作日记/张浩著.-合肥:安徽美术出版社,2003
    220页:图;20cm
    
    
    ISBN 7-5398-1149-8:CNY28.00
    本书对水墨画进行研究,运用日记的体例,阐述了在笔墨中接近真实,从直觉中寻找,重新认识笔墨,探求形式基础和精神基础等。
●
相关链接 在E读中查询图书 在五车中查询图书 在当当中查询图书 在豆瓣中查询图书


正题名:形式生命与精神视觉     索取号:J203/247         预约/预借

序号 登录号 条形码 馆藏地/架位号 状态 备注
1 0340880   203408801   第一样本阅览室/ [索取号:J203/247] 在馆    
2 0340882   203408829   第一借阅区/ [索取号:J203/247] 在馆    
3 0340883   203408838   第一借阅区/ [索取号:J203/247] 在馆    
4 1055325   210553257   第一借阅区/ [索取号:J203/247] 在馆    
唐山师范学院图书馆 欢迎您!
大连网信软件有限公司© 版权所有